| 000 | 01582nam a22002537a 4500 | ||
|---|---|---|---|
| 003 | BJBSDDR | ||
| 005 | 20260325121321.0 | ||
| 007 | ta | ||
| 008 | 260325s2018 nyu||||| |||| 00| 0 eng d | ||
| 020 | _a9781250159441 | ||
| 020 | _a125015944X | ||
| 040 |
_bspa _cBJBSDDR |
||
| 041 | _aeng | ||
| 050 | _bC314 2018 | ||
| 100 | 1 |
_aCarrère, Emmanuel, _d1957- _927432 |
|
| 245 |
_aThe kingdom / _cEmmanuel Carrère, John Lambert |
||
| 260 |
_aNew York : _bPicador, _c2018 |
||
| 300 |
_a384 pages ; _c 21 cm |
||
| 505 | _a Prologue I. A Crisis II. Paul III. The Investigation IV. Luke Epilogue | ||
| 520 | _aGripped by the tale of a messiah whose blood we drink and body we eat, the genre-defying author Emmanuel Carrère revisits the story of the early Church in his latest work. With an idiosyncratic and at times iconoclastic take on the charms and foibles of the Church fathers, Carrère ferries readers through his "doors" into the biblical narrative. Once inside, he follows the ragtag group of early Christians through the tumultuous days of the faith's founding. Shouldering biblical scholarship like a camcorder, Carrère re-creates the climate of the New Testament with the acumen of a seasoned storyteller, interwining his own account of reckoning with the central tenets of the faith with the lives of the first Christians. An expansive and clever meditation on belief, The Kingdom chronicles the advent of a religion, and the ongoing quest to find a place within in--back cover | ||
| 700 | 1 |
_aLambert, John _947686 |
|
| 942 |
_2lcc _n0 _cBK |
||
| 946 | _icmc | ||
| 999 |
_c126691 _d126691 |
||